Statistics for Top 10 most important and famous people from Missouri

Click here to take the quiz!

General Stats

  • This quiz has been taken 44 times
  • The average score is 4 of 10

Answer Stats

HintAnswer% Correct
Singer, Johnny B Good named the Father of Rock and RollChuck Berry
91%
President who decided to use the Atomic BombsHarry S. Truman
86%
Writer, author of The Adventures of Tom Sawyer and Adventures of Huckleberry FinnMark Twain
86%
Rapper, Lose Yourself, Rap GodEminem
64%
Actor famous for his roles in Raising Arizona, Barton Fink, The Big Lebowski and O Brother, Where Art Thou?John Goodman
32%
Director of Guardians of the Galaxy and The Suicide SquadJames Gunn
23%
Dancer, singer and actress. Her career was centered primarily in Europe, mostly in her adopted France. She was the first black woman to star in a major motion picture: Siren of the TropicsJosephine Baker
23%
Actress, dancer and singer during the Golden Age of Hollywood. She won an Academy Award for her role in Kitty FoyleGinger Rogers
14%
Poet, author of The Love Song of J. Alfred Prufrock, winner of Nobel Prize in Literature in 1948T. S. Eliot
9%
Actress who was the leading sex symbol of the early 1930s and famous for her roles in Red-Headed Woman and Red DustJean Harlow
5%

Score Distribution

Percentile by Number Answered

Percent of People with Each Score

Your Score History

You have not taken this quiz